000 00847nam a2200301Ia 4500
001 Para_7013
003 CHAP
008 220125s1915 xx 000 0 und d
010 _a205759
040 _cCHAP
082 _aPA-C 633.51 B85
100 _aGilbert, W.W.
_947977
245 _aCotton wilt and root-knot /
_c by W.W. Gilbert
260 _as.l. :
_b s.n.
300 _a21 p.
440 _aFarmer´s bulletin;625
_9171867
500 _aEncuadernado con otros impresos similares
650 _aAlgodón
_x colecciones de escritos
_9171865
650 _aAlgodón
_x enfermedades
_94006
650 _aMarchitez del algodón
_971281
901 _aPA-C 633.51 B85
902 _aA
905 _a0000001915 a 0000000000 00
910 _a1915
942 _cPARA
942 _cPARA
_d1
999 _c205759
_d205759